LEADER 02356nam 2200565Ia 450 001 9910455231003321 005 20200520144314.0 010 $a1-84755-860-7 035 $a(CKB)1000000000791416 035 $a(EBL)1185663 035 $a(OCoLC)319518111 035 $a(SSID)ssj0000379433 035 $a(PQKBManifestationID)11937968 035 $a(PQKBTitleCode)TC0000379433 035 $a(PQKBWorkID)10365310 035 $a(PQKB)10724930 035 $a(MiAaPQ)EBC1185663 035 $a(PPN)198474717 035 $a(Au-PeEL)EBL1185663 035 $a(CaPaEBR)ebr10618736 035 $a(CaONFJC)MIL871779 035 $a(EXLCZ)991000000000791416 100 $a20071220d2008 uy 0 101 0 $aeng 135 $aur|n|---||||| 181 $ctxt 182 $cc 183 $acr 200 10$aIs arsenic an aphrodisiac?$b[electronic resource] $ethe sociochemistry of an element /$fWilliam R. Cullen 210 $aCambridge $cRoyal Society of Chemistry$dc2008 215 $a1 online resource (429 p.) 300 $aDescription based upon print version of record. 311 $a0-85404-363-2 320 $aIncludes bibliographical references and index. 327 $aFront cover; i_iv; v_viii; ix_xvi; 001_055; 056_098; 099_129; 130_165; 166_214; 215_286; 287_348; 349_397; 398_412 330 $aSex, drugs, rocks, gold, murder, war, mass poisonings, the deaths of Napoleon, Tchaikovsky, Mozart, and others are all linked by one element - arsenic! Arsenic has been around since the beginning of time and the word has become a metaphor for poison with associated shock value. The general public are fearful of any possible exposure to it and yet it holds a certain dark and eerie fascination! The average person has only one idea about arsenic - it is poison - and this reputation has a sound base. Some arsenic compounds are very toxic and have been used with criminal intent from the time of the 606 $aArsenic$xHistory 606 $aArsenic$xToxicology 608 $aElectronic books. 615 0$aArsenic$xHistory. 615 0$aArsenic$xToxicology. 676 $a615.925715 700 $aCullen$b William R$0901084 801 0$bMiAaPQ 801 1$bMiAaPQ 801 2$bMiAaPQ 906 $aBOOK 912 $a9910455231003321 996 $aIs arsenic an aphrodisiac$92014077 997 $aUNINA LEADER 01435nam 2200433 450 001 9910438952803321 005 211118083030.5 010 $a987-722-738-X 035 $a(CKB)4100000011777399 035 $a(MiAaPQ)EBC6778619 035 $a(EXLCZ)994100000011777399 100 $a20210921d2020 cy 0 101 0 $aspa 135 $aurcnu|||||||| 181 $ctxt$2rdacontent/spa 182 $cc$2rdamedia/spa 183 $acr$2rdacarrier/spa 200 10$aSocializacio?n poli?tica de los jo?venes y construccio?n de ciudadani?a en condiciones de vulnerabilidad en Coatzacoalcos /$fVi?ctor Manuel Andrade Guevara 210 1$aArgentina :$cCLACSO,$d2020. 215 $a1 recurso en li?nea (81 pa?ginas) 300 $aI?ndice. 320 $aB ibliografi?a. 606 $aCitizenship 606 $aCiudadani?a 606 $aJo?venes$xViolencia$zMe?xico 606 $aYouth$xViolence$zMexico 608 $aLibros electronicos. 615 4$aCitizenship. 615 4$aCiudadani?a. 615 4$aJo?venes$xViolencia 615 4$aYouth$xViolence 676 $a305.23086 700 $aAndrade Guevara$b Vi?ctor Manuel$01070109 801 0$bFINmELB 801 1$bFINmELB 906 $aBOOK 912 $a9910438952803321 996 $aSocializacio?n poli?tica de los jo?venes y construccio?n de ciudadani?a en condiciones de vulnerabilidad en Coatzacoalcos$92557735 997 $aUNINA